000 00626nam a2200193Ia 4500
001 7711
003 GE_BSU
008 181216s||||||||xx |||||||||||||| ||und||
040 _cGE_BSU
245 _aკარიბჭე :№19(235) 2013
245 _bმართლმადიდებლური ჟურნალი.
245 _cმთავარი რედაქტორი: თამარ მამაცაშვილი.
260 _aთბილისი.
260 _c2013.
300 _a78გვ;29სმ.
653 _aკარიბჭე.
653 _aპერიოდიკა
942 _cCR
999 _c41062
_d41062